Habits of the heart : (Record no. 4547)
[ view plain ]
| 000 -LEADER | |
|---|---|
| fixed length control field | 00757pam a2200217 a 4500 |
| 005 - DATE AND TIME OF LATEST TRANSACTION | |
| control field | 20250901165455.0 |
| 008 - FIXED-LENGTH DATA ELEMENTS--GENERAL INFORMATION | |
| fixed length control field | 860106r19861985nyu b 001 0 eng |
| 010 ## - LIBRARY OF CONGRESS CONTROL NUMBER | |
| LC control number | 85045619 |
| 020 ## - INTERNATIONAL STANDARD BOOK NUMBER | |
| International Standard Book Number | 0060970278 (pbk.) : |
| Terms of availability | $7.95 |
| 050 10 - LIBRARY OF CONGRESS CALL NUMBER | |
| Classification number | E169.12 .H29 1986 |
| Item number | .H29 1986 |
| 082 00 - DEWEY DECIMAL CLASSIFICATION NUMBER | |
| Classification number | 306/.0973 |
| Edition information | 19 |
| 245 00 - TITLE STATEMENT | |
| Title | Habits of the heart : |
| Remainder of title | individualism and commitment in American life / |
| Statement of responsibility, etc. | Robert N. Bellah ... [et al.]. |
| 250 ## - EDITION STATEMENT | |
| Edition statement | 1st Perennial Library ed. |
| 260 ## - PUBLICATION, DISTRIBUTION, ETC. | |
| Place of publication, distribution, etc. | New York : |
| Name of publisher, distributor, etc. | Harper & Row, |
| Date of publication, distribution, etc. | 1986, c1985. |
| 300 ## - PHYSICAL DESCRIPTION | |
| Extent | xii, 355 p. ; |
| Dimensions | 20 cm. |
| 500 ## - GENERAL NOTE | |
| General note | "Perennial Library." |
| 500 ## - GENERAL NOTE | |
| General note | "PL 7027"--Cover. |
| 500 ## - GENERAL NOTE | |
| General note | Reprint. Originally published: Berkeley : University of California Press, c1985. |
| 500 ## - GENERAL NOTE | |
| General note | Includes index. |
| 942 ## - ADDED ENTRY ELEMENTS (KOHA) | |
| Source of classification or shelving scheme | Library of Congress Classification |
| Withdrawn status | Lost status | Source of classification or shelving scheme | Damaged status | Not for loan | Home library | Current library | Shelving location | Date acquired | Total checkouts | Full call number | Barcode | Date last seen | Price effective from | Koha item type |
|---|---|---|---|---|---|---|---|---|---|---|---|---|---|---|
| Library of Congress Classification | Main Library | Main Library | 04/08/2021 | E169.12 .H29 1986 | PIU0005893 | 04/08/2021 | 04/08/2021 | Books |